Brawl Stars Brawlers with Alphabetical Gadgets - Sudden Death - Statistics

General Stats
  • This quiz has been taken 147 times
  • The average score is 3 of 40
Answers on the Grid
Answers color-coded by a green-red scale on the quiz's grid according to % correct below.
8-Bit
Amber
Angelo
Ash
Barley
Bea
Belle
Berry
Bibi
Bo
Bonnie
Brock
Bull
Buster
Buzz
Byron
Carl
Charlie
Chester
Chuck
Clancy
Colette
Colt
Cordelius
Crow
Darryl
Doug
Draco
Dynamike
Edgar
El Primo
Emz
Eve
Fang
Frank
Gale
Gene
Gray
Griff
Grom
Gus
Hank
Jacky
Janet
Jessie
Juju
Kenji
Kit
Larry & Lawrie
Leon
Lily
Lola
Lou
Maisie
Mandy
Max
Meg
Melodie
Mico
Moe
Mortis
Mr. P
Nani
Nita
Otis
Pam
Pearl
Penny
Piper
Poco
R-T
Rico
Rosa
Ruffs
Sam
Sandy
Shelly
Spike
Sprout
Squeak
Stu
Surge
Tara
Tick
Willow
 
Answer Stats
Answer % Correct
8-Bit
84%
Bea
23%
Ash
18%
Belle
18%
Crow
8%
Berry
6%
Bo
6%
Darryl
6%
Buzz
5%
Eve
5%
Fang
5%
Gale
5%
Jacky
5%
Kit
5%
Leon
5%
Clancy
3%
Doug
3%
Dynamike
3%
Frank
3%
Kenji
3%
Lola
3%
Mandy
3%
Max
3%
Meg
3%
Mortis
3%
Nita
3%
Otis
3%
Pam
3%
Piper
3%
Sandy
3%
Gene
2%
Gus
2%
Maisie
2%
Mico
2%
Moe
2%
Penny
2%
Rosa
2%
Sprout
2%
Tara
2%
Sam
0%
No matching quizzes found
Score Distribution
Percent of People with Each Score
Percentile by Number Answered
Your Score History
You have not taken this quiz